| 000 | 00900nam a22002177a 4500 | ||
|---|---|---|---|
| 005 | 20180615102828.0 | ||
| 010 | _a1718EN-30 B-687825-853 | ||
| 020 |
_a9789386250667 _c899.00 |
||
| 035 | _aB-687825-853 | ||
| 037 | _bpragati pub | ||
| 082 | _a428.0 | ||
| 245 |
_aGood word guide : _cedited by Martin H. Manser; forewarded by Martin Cutt _bthe fast way to correct english-spelling, punctuation, grammar and usage / |
||
| 250 | _a7th ed | ||
| 260 |
_aNew Delhi _bBloomsbury _c2017 |
||
| 270 |
_a2nd Floor, Building No.4, DDA Complex LSC, Pocket-C-6&&, Vasant Kunj, _bNew Delhi _e110070 |
||
| 300 | v |
_axvii,228p. _c19cm(pbk) |
|
| 700 | _a Manser, Martin H. | ||
| 700 | _aCutts, Martin | ||
| 942 |
_2ddc _cEN _mGOO _h428.1 |
||
| 999 |
_c145140 _d145140 |
||